000 00261nam a2200109 4500
008 160702b xxu||||| |||| 00| 0 eng d
100 _91861
_a Vas, G
245 _aWord Perfect
260 _aNew Delhi
_bSterling
_c1999
300 _aWord Perfect
942 _2ddc
_cBK
999 _c1563
_d1563